00671nam a2200157Ia 4500008004100000100001800041245016200059245005200221260005300273260000900326300001000335650001500345856006100360999001900421952007300440170221s9999 xx 000 0 und d aFrancis Chuah 2aA Behavioral Approach to Modelling Strategy Execution: The Role of Organizational Support and the Moderated Mediation Effect of Engagement and Communication  cFrancis Chuah, Kenny Teoh, Hiram Ting, Evan Lau bInternational Review of Management and Marketing c2014 a3 : 2 xMarketing. uhttp://www.econjournals.com/index.php/irmm/issue/view/97 c313772d313772 001040aCLbCLd2017-02-21l0r2017-02-21 00:00:00w2017-02-21yFOJ